| 000 | 00837cab a2200253 4500 | ||
|---|---|---|---|
| 001 | WB3231-08 | ||
| 008 | 090401t1996 xxu||||| |||| 00| 0 eng d | ||
| 035 | _a(Sirsi) u69480 | ||
| 041 | _aeng | ||
| 245 | _aConfidence all round | ||
| 260 | _c1996 | ||
| 350 | _a0 | ||
| 490 |
_aProperty Week _v56(7) 16 August 1996, 10(1) |
||
| 520 | _aConfidence is returning to all property sectors, with 28% of companies expecting an increase in their property holdings, and 26% of surveyors expressing greater optimism (compared to 3% last year), according to reports by CBI/Grimley and the RICS. | ||
| 650 | _aCBI | ||
| 650 | _aGRIMLEY | ||
| 650 | _aPROPERTY CONFIDENCE | ||
| 650 | _aPROPERTY HOLDINGS | ||
| 650 | _aPROPERTY MARKET | ||
| 650 | _aRICS | ||
| 690 | _aPROPERTY-COMMERCIAL PROPERTY | ||
| 942 | _n0 | ||
| 948 | _c04/03/1997 | ||
| 999 |
_c43641 _d43641 |
||